|
|
|
|
| LEADER |
00850cam a2200229 a 4500 |
| 001 |
0000092640 |
| 005 |
20111103090000.0 |
| 040 |
|
|
|a mod
|
| 041 |
|
|
|a eng
|
| 020 |
|
|
|a 009112431X
|
| 090 |
0 |
0 |
|a 943.0850924
|b HIT
|e 1974
|
| 100 |
1 |
|
|a Hitler
|h Adolf, 1889-1945.
|
| 245 |
1 |
0 |
|a Mein Kampf
|c by Adolf Hitler; with an introduction by D.C. Watt.
|
| 260 |
|
|
|a London
|b Hutchinson
|c 1974
|
| 300 |
|
|
|a xlviii, 629 p.
|c 22 cm
|
| 650 |
0 |
0 |
|a Nationasozialistische Deutsche Arbeiter
|x Partei.
|
| 650 |
0 |
0 |
|a Schutzstaffe
|x History
|
| 651 |
0 |
0 |
|a Germany
|x Politics and government
|y 20th century
|
| 852 |
0 |
0 |
|a 01
|
| 999 |
|
|
|a 0000012481
|b MTAT
|d BOOKS
|e Umum
|f MTAT
|j AVAILABLE
|q GOOD CONDITION
|
| 999 |
|
|
|a 1000006045
|b Maktab Pertahanan Angkatan Tentera
|d BOOKS
|e Umum
|f MPAT
|j WEEDED
|q GOOD CONDITION
|
| 999 |
|
|
|a H100001556
|b Maktab Pertahanan Angkatan Tentera
|d BOOKS
|e Umum
|f MPAT
|j WEEDED
|q OLD
|